Regulations on foreign direct investment (FDI).
| Corporate Author: | |
|---|---|
| Format: | Book |
| Published: |
Jakarta:
Investment Coordinating Board,
1995.
|
| Subjects: |
| LEADER | 00518cam a2200169 7i4500 | ||
|---|---|---|---|
| 001 | 0000005363 | ||
| 005 | 19991025090000.0 | ||
| 002 | ##000006992 | ||
| 020 | 0 | 0 | |a T000005493 |
| 090 | 0 | 0 | |a INDO 332.673 |b INV |
| 110 | 2 | 0 | |a Investment Coordinating Board |
| 245 | 1 | 0 | |a Regulations on foreign direct investment (FDI). |
| 260 | 0 | 0 | |a Jakarta: |b Investment Coordinating Board, |c 1995. |
| 300 | 0 | 0 | |a 36 p.. |
| 650 | 0 | 0 | |a Investments, Foreign -- |z Indonesia |
| 651 | 0 | 0 | |a Indonesia |
| 999 | |a 0000008012 |b Book |c Open shelf |e Business Information Centre | ||